The magic mirror of M. C. Escher /

Bibliographic Details
Main Author: Ernst, Bruno
Format: Book
Language:English
Dutch
Published: New York : Random House, [1976]
Edition:1st American ed.
Subjects:

MARC

Tag First Indicator Second Indicator Subfields
LEADER 00000cam a2200000 i 4500
001 in00000057824
005 20151008050432.0
008 761203s1976 nyua 00110 eng
010 |a  75000664  
020 |a 039449217X 
035 |a (OCoLC)02565789 
035 |9 AAG1047AM 
040 |a DLC  |c DLC  |d TXA  |d UtOrBLW 
041 1 |a eng  |a dut 
049 |a TXAM [Also in] [Sp Coll]  |c 1 [1433777]  |a TXAS  |c 2 [1102511] 
050 0 0 |a N6953.E82  |b E76 1976 
082 0 |a 769/.92/4 
100 1 |a Ernst, Bruno. 
245 1 4 |a The magic mirror of M. C. Escher /  |c Bruno Ernst ; [translated from the Dutch by John E. Brigham]. 
250 |a 1st American ed. 
264 1 |a New York :  |b Random House,  |c [1976] 
264 4 |c ©1976 
300 |a 112 pages :  |b illustrations (some color) ;  |c 32 cm. 
336 |a text  |b txt  |2 rdacontent 
337 |a unmediated  |b n  |2 rdamedia 
338 |a volume  |b nc  |2 rdacarrier 
500 |a Includes index. 
600 1 0 |a Escher, M. C.  |q (Maurits Cornelis),  |d 1898-1972. 
999 |a MARS 
999 f f |s 95c98e7f-514e-35f7-a4ed-cee0bd7d42ef  |i 5a85b16b-558a-3270-adf2-67f19cccf544  |t 0 
952 f f |p noncirc  |a Texas A&M University  |b College Station  |c Cushing Memorial Library & Archives  |d Cushing: Science Fiction (Does not check out)  |t 0  |e N6953.E82 E76 1976  |h Library of Congress classification  |i unmediated -- volume  |m A14800377412 
952 f f |p normal  |a Texas A&M University  |b College Station  |c Sterling C. Evans Library  |d Evans: Library Stacks  |t 0  |e N6953.E82 E76 1976  |h Library of Congress classification  |i unmediated -- volume  |m A14803396790 
998 f f |a N6953.E82 E76 1976  |t 0  |l Evans: Library Stacks 
998 f f |a N6953.E82 E76 1976  |t 0  |l Cushing: Science Fiction (Does not check out)